| 000 | 03474ncm0a2200421 4500 | ||
|---|---|---|---|
| 001 | RU\NLR\ONIZ\214874 | ||
| 005 | 20250626034826.0 | ||
| 013 | _a979-0-66000-407-4 | ||
| 035 | _a(NLR Aleph) 011273489 | ||
| 071 | 2 | 0 | _aс 6208 к |
| 090 |
_a10831395 _c10831395 |
||
| 100 | _a20160927d2011 |||y0rusy50 ca | ||
| 101 | 0 | _arus | |
| 102 | _aRU | ||
| 125 | _aax | ||
| 200 | 1 |
_aПопулярная зарубежная музыка для детского хора _bНоты _eучеб. пособие для ДМШ _hВып. 1 _fсост. И. В. Роганова, О. В. Рыкалина, Л. В. Васильева _gпредисл. И. Рогановой |
|
| 210 |
_aСанкт-Петербург _cКомпозитор - Санкт-Петербург _dcop. 2011 |
||
| 215 |
_a55 с. _d29 см |
||
| 225 | 1 | _aВ помощь хормейстеру | |
| 327 | 1 | _a1-9. Негритянские спиричуэлы: Каждый раз, когда я чувствую присутствие Святого Духа / обраб. К.-Б. Агнестига; Ступай, Моисей / обраб. К.-Б. Агнестига; Иисус завоевал Иерихон / обраб. К. Шоу; Войди в воду / обраб. Э. Даниэля; Скоро закончатся мои страдания / обраб. Э. Даниэля; О Пётр, звони в колокола / обраб. К.-Б. Агнестига; Возьми мою душу / обраб. Дж. Бартельсона; Никто не знает о моих бедах, кроме Господа / обраб. Г. Дугласа; Музыка глубоко в моей душе / обраб. Э. Хогана. 10. Возьми мою душу: канон / обраб. К.-Ж. Верни. 11. Скэт-канон / муз. и сл. К.-Ж. Верни. 12. Прелюдия в стиле свинг: из "Te Deum" / М. А. Шарпантье; текст и обраб. Г. О. Миллсби. 13-15. Пой в стиле свинг: канон; Давайте петь в стиле свинг!: канон; Обхохочешься!: фуга смеха / муз. и сл. Л. Майерхофера. 16. Музыка - моя жизнь / обраб. Э. Батлера. 17. Тра-ла-ла / муз. и сл. Л. Лундена. 18. Ха-ха-ха: канон / муз. и сл. Л. Керубини; англ. текст Л. Майерсхофера. 19. Деревенский оркестр / муз. и сл. В. Арико Жуниора | |
| 606 | 1 |
_aПроизведения для детского хора _jНоты _2nlr_sh |
|
| 606 | 1 |
_aСпиричуэлсы для детского хора _jНоты _2nlr_sh |
|
| 686 |
_aЩ941.8я43 _vLBC/SL _2rubbk |
||
| 686 |
_aЩ99(7США) _vLBC/SL _2rubbk |
||
| 702 | 1 |
_9z01790 _aРоганова _bИ. В. _gИрина Вячеславовна _4220 |
|
| 702 | 1 |
_9z02790 _aРыкалина _bО. В. _gОльга Владимировна _4220 |
|
| 702 | 1 |
_9z03790 _aВасильева _bЛ. В. _gЛилия Викторовна _4220 |
|
| 790 | 1 |
_9z01702 _aRoganova _bI. V. _gIrina Vyacheslavovna _4220 |
|
| 790 | 1 |
_9z02702 _aRy'kalina _bO. _gOl'ga _4220 |
|
| 790 | 1 |
_9z03702 _aVasil'eva _bL. _gLiliya _4220 |
|
| 801 | 0 |
_aRU _bNLR _c20160927 _gPSBO |
|
| 801 | 1 |
_aRU _bNLR _c20160927 _2rusmarc |
|
| 801 | 2 |
_aRU _bNLR _c20161206 |
|
| 852 |
_aNLR _bМ _jК-3/27896(1) _p258074 _t1 |
||
| 942 | _cSCORE | ||
| 980 | _aNB | ||
| 980 | _aONIZ | ||